00532nam a2200205 a 4500001001300000003000900013005001700022008004100039020000800080082001500088100001300103245003800116260004500154300000900199500003500208505001000243650002300253650003700276700001300313nice12345678IN_TiNIC20260116011313.0050524s1920 newa grp 000 0 eng  ac000a270.1bANG aAngus, S aEnvironment of Early Christianity aNew YorkbCharles Scribner`s Sons,c1920 a240p aincludes index and biblioraphy2 aIndex aChristianity-Spain aChurch-History Primitive & Early1 aAngus, S